000 00892nja a2200217 a 4500
003 BLK
005 20241206005452.0
008 180414c bul|r|ner|||| 00| c0bul d
010 _aNOT00003072147
040 _aBLK
100 1 _aТричков, Борис Цветанов
_eпърви автор
_9388732
700 _aБагряна, Елисавета
_d1893-1991
_qБелчева, Елисавета Любомирова
_9364149
245 1 0 _aПред новата година
_cБорис Цветанов Тричков; текст Елисавета Багряна.
257 _aBGR
380 _a7
773 _0315112
_9667894
_aТричков, Борис Цветанов
_tГодината в песни
852 _aЦб М ІІ 11784
942 _cNOT
_n0
944 _aCR
_c14.01.2010
_k
_lCRON CRON
944 _aED
_c12.11.2014
_kВиолета_Тройчева
999 _c315259
_d315259